Etude de la production du bois dans la commune de So-Ava (Record no. 47807)
[ view plain ]
| 000 -LEADER | |
|---|---|
| fixed length control field | 00447nam a22001577a 4500 |
| 003 - CONTROL NUMBER IDENTIFIER | |
| control field | 0 |
| 005 - DATE AND TIME OF LATEST TRANSACTION | |
| control field | 20160609165841.0 |
| 008 - FIXED-LENGTH DATA ELEMENTS--GENERAL INFORMATION | |
| fixed length control field | 101001t xxu||||| |||| 00| 0 eng d |
| 040 ## - SOURCE DU CATALOGAGE | |
| Transcribing agency | BIBLIOTHEQUE EPAC |
| 100 ## - VEDETTE PRINCIPALE - NOM DE PERSONNE | |
| Personal name | Assani,Dine |
| 9 (RLIN) | 9269 |
| 130 ## - VEDETTE PRINCIPALE - TITRE UNIFORME | |
| Language of a work | fr |
| 9 (RLIN) | 9270 |
| 245 ## - TITLE STATEMENT | |
| Title | Etude de la production du bois dans la commune de So-Ava |
| 260 ## - PUBLICATION, DISTRIBUTION, ETC. (IMPRINT) | |
| Place of publication, distribution, etc | EPAC-UAC |
| Name of publisher, distributor, etc | EPAC-UAC |
| Date of publication, distribution, etc | 2007-2008 |
| 650 ## - SUBJECT ADDED ENTRY--TOPICAL TERM | |
| Topical term or geographic name as entry element | VEGETATION;PRODUCTION DU BOIS; So-Ava |
| 9 (RLIN) | 9271 |
| 942 ## - ADDED ENTRY ELEMENTS (KOHA) | |
| Koha item type | Livre |
| Withdrawn status | Lost status | Damaged status | Not for loan | Location (home branch) | Sublocation or collection (holding branch) | Date acquired | Koha issues (times borrowed) | Koha full call number | Piece designation (barcode) | Koha date last seen | Koha item type | Price effective from | Public note | Source of acquisition | Copy number |
|---|---|---|---|---|---|---|---|---|---|---|---|---|---|---|---|
| Bibliothèque Ecole Polytechnique d'Abomey-Calavi | Bibliothèque Ecole Polytechnique d'Abomey-Calavi | 01/10/2010 | 27.APE/ASS | R15568EPAC | 01/10/2010 | Thèse et Memoire | |||||||||
| Bibliothèque Ecole Polytechnique d'Abomey-Calavi | Bibliothèque Ecole Polytechnique d'Abomey-Calavi | 01/10/2010 | 27.APE/ASS | R15569EPAC | 01/10/2010 | Thèse et Memoire | 01/10/2010 | Prêt à domicile | |||||||
| Bibliothèque Ecole Polytechnique d'Abomey-Calavi | Bibliothèque Ecole Polytechnique d'Abomey-Calavi | 24/02/2011 | 27.APE/ASS | R16903EPAC | 24/02/2011 | Livre | 24/02/2011 | Prêt à domicile | Don | 3 |